Subdivisions of the Italian Empire with a Map - Statistics

General Stats
  • This quiz has been taken 2,477 times
  • The average score is 23 of 101
Answers on the Map
Answers color-coded by a green-red scale on the quiz's map according to % correct below.
 
Answer Stats
Subdivisions % Correct
Sicily
94%
Sardinia
92%
Somalia
88%
Tuscany
87%
Euganean Venetia
84%
Eritrea
81%
Tripoli
80%
Lombardy
78%
Piedmont
70%
Liguria
66%
Lazio
65%
Emilia
62%
Tirana
62%
Calabria
59%
Dalmatia
58%
Apulia
54%
Benghazi
52%
Campania
52%
Umbria
51%
Tianjin
48%
Tridentine Venetia
47%
Aegean Islands
44%
Abruzzo
43%
Podgorizza
42%
Marche
41%
Basilicata
39%
Corfu
37%
Durazzo
35%
Attica-Boeotia
31%
Valona
25%
Euboea
24%
Antivari
23%
Galla-Sidamo
23%
Amhara
20%
Kosovo
19%
Scutari
18%
Cattaro
17%
Cyclades
16%
Kefalonia
15%
Larissa
15%
Julian Venetia
14%
Ioannina
13%
Samos
13%
Thessaloniki
13%
Zakynthos
13%
Argirocastro
12%
Cetinje
12%
Elbasan
12%
Achaea
11%
Argolis-Corinthia
10%
Coritza
10%
Laconia
10%
Misrata
10%
Arcadia
9%
Berat
9%
Harar
9%
Nikšić
9%
Arta
7%
Derna
7%
Kukesi
7%
Messenia
7%
Aetolia-Acarnania
6%
Elis
6%
Lika-Gacka
5%
Preveza
5%
Trikala
5%
Berane
4%
Bijelo Polje
4%
Danilovgrad
4%
Florina
4%
Kolašin
4%
Lasithi
4%
Phthiotis-Phocis
4%
Plevje
4%
Scioa
4%
Southern Military Territory
4%
Debar
3%
Hum
3%
Kozani
3%
Metohija
3%
Šavnik
3%
Bribir-Sidraga
2%
Cetina
2%
Dubrava
2%
Gora
2%
Krbava-Psat
2%
Modruš
2%
Nova Varoš
2%
Peshkopi
2%
Pliva-Rama
2%
Priboj
2%
Prigorje
2%
Sana-Luka
2%
Sjenica
2%
Štavica
2%
Thesprotia
2%
Vinodol-Podgorje
2%
Vrhbosna
2%
Andrejivica
1%
Mileševa
1%
Pokuplje
1%
No matching quizzes found
Score Distribution
Percent of People with Each Score
Percentile by Number Answered
Your Score History
You have not taken this quiz